لبیک (Record no. 553766)

000 -LEADER
fixed length control field 00262nam a22001097a 4500
082 ## - DEWEY DECIMAL CLASSIFICATION NUMBER
Classification number 297.55
Author Mark MUM
245 ## - TITLE STATEMENT
Title لبیک
260 ## - PUBLICATION, DISTRIBUTION, ETC.
Place of publication, distribution, etc. Lahore,:
Name of publisher, distributor, etc. Sang-e-meel Publication,
Date of publication, distribution, etc. 1996
300 ## - PHYSICAL DESCRIPTION
Extent 319p.
526 ## - STUDY PROGRAM INFORMATION NOTE
Program name 0
Interest level 0
Reading level 0
Title point value 297_550000000000000_MUM
942 ## - ADDED ENTRY ELEMENTS (KOHA)
Source of classification or shelving scheme
Koha item type Book
Holdings
Withdrawn status Lost status Source of classification or shelving scheme Damaged status Not for loan Permanent Location Current Location Date acquired Total Checkouts Total Renewals Full call number Barcode Date last seen Date last checked out Price effective from Koha item type
          Military College of Engineering (MCE) Military College of Engineering (MCE) 03/08/2017 2 1 297.55 MUM MCE-44527 08/24/2017 06/20/2017 03/08/2017 Book
© 2023 Central Library, National University of Sciences and Technology. All Rights Reserved.